|
|
|
|
| LEADER |
00000nab a2200000 a 4500 |
| 001 |
vtls011731098 |
| 003 |
SK-MaSNL |
| 005 |
20260303113007.0 |
| 008 |
230121|1966 xo |||||||||||||||||slo |
| 015 |
|
|
|a SNBRB
|
| 035 |
|
|
|a (urnnbn)urn:nbn:sk:snk:ar-a05zno
|
| 035 |
|
|
|a urn:nbn:sk:snk-abf8us
|
| 035 |
|
|
|a (uuid)1ae5337f-b74d-4891-9a10-a71fcad10932
|
| 040 |
|
|
|a SNKBUCL
|b slo
|c SNKBUCL
|e AACR2
|
| 041 |
0 |
|
|a slo
|
| 044 |
|
|
|a xo
|c SK
|
| 100 |
1 |
|
|a Jurík, Michal
|4 aut
|9 1125729
|
| 245 |
1 |
0 |
|a K NIEKTORÝM OTÁZKAM ROZVOJA školského stravovania
|c Michal Jurík
|
| 773 |
0 |
|
|t Výživa a zdravie : časopis pre výživu a zdravý životný štýl
|g Roč. 11, č. 8 (1966), s. 169-171
|
| 954 |
|
|
|a odborná, vedecká literatúra pôvodná (slovenská)
|2 lita
|
| 958 |
|
|
|a OND
|
| 958 |
|
|
|a EUIPO
|
| 958 |
|
|
|a article24
|
| 999 |
|
|
|c 1889340
|d 1891270
|